An ageing issue. (Registro nro. 26580)
[ vista simple ]
| 000 -ENCABEZADO | |
|---|---|
| Número de control [NR] | 00771nam a22002897i 4500 |
| 001 - NÚMERO DE CONTROL | |
| control field | B-12608 |
| 003 - IDENTIFICADOR DE CONTROL NÚMERO | |
| control field | CO-BoFNCP |
| 007 - CAMPO DESCRIPCIÓN FÍSICA FIJA - INFORMACIÓN GENERAL | |
| fixed length control field | t|| |
| 008 - DE LONGITUD FIJA DE DATOS DE ELEMENTOS - INFORMACIÓN GENERAL | |
| Elementos de longitud fija [NR] | 090929s2008 my a f z eng d |
| 040 ## - FUENTE DE CATALOGACION [NR] | |
| Agencia de catalogación original [NR] | CO-BoFNCP |
| Idioma de catalogación [NR] | Español |
| Quien Cataloga | CO-BoFNCP |
| Convenciones de la descripción [NR] | rda |
| 041 ## - CODIGO DE IDIOMA [R] | |
| Código de idioma para texto/pista de sonido o título separado [R] | Inglés |
| 043 ## - CODIGO DE AREA GEOGRAFICA [NR] | |
| Código de área geográfica [R] | my |
| 084 ## - OTRO NUMERO DE CLASIFICACION [R] | |
| Número clasificador [R] | A- |
| 110 2# - ASIENTO PRINCIPAL--NOMBRE CORPORATIVO [NR] | |
| Nombre corporativo o de jurisdicción como elemento de entrada [NR] | The Incorporated Society of Planters, ISP |
| ID de autoridad | 40380. |
| 245 13 - MENCION DE TITULO [NR] | |
| Título [NR] | An ageing issue. |
| 264 #4 - PRODUCCIÓN, PUBLICACIÓN, DISTRIBUCIÓN, FABRICACIÓN Y COPYRIGHT | |
| Fecha de producción, publicación, distribución, fabricación o copyright | ©2008 |
| 300 ## - DESCRIPCION FISICA [R] | |
| Extensión [R] | páginas 437-439. |
| 336 ## - TIPO DE CONTENIDO | |
| Término de tipo de contenido | texto |
| Código de tipo de contenido | txt |
| Fuente | rdacontent |
| 337 ## - TIPO DE MEDIO | |
| Nombre/término del tipo de medio | sin mediación |
| Código del tipo de medio | n |
| Fuente | rdamedia |
| 338 ## - TIPO DE SOPORTE | |
| Nombre/término del tipo de soporte | volumen |
| Código del tipo de soporte | nc |
| Fuente | rdacarrier |
| 500 ## - NOTA GENERAL [R] | |
| Nota general [NR] | Editorial. |
| 650 #0 - ASIENTO SECUNDARIO DE MATERIA - TERMINO TEMATICO [R] | |
| Término temático o nombre geográfico como elemento de entrada [NR] | Envejecimiento. |
| 9 (RLIN) | 9506 |
| 773 0# - ASIENTO DEL ITEM FUENTE [R] | |
| Asiento principal [NR] | The Planter (Malasia) |
| Información sobre la relación [R] | v. 84, no. 988 (2008), p.437-439 |
| Número de control del registro [R] | A- |
| Número Internacional Normalizado para Publicaciones Seriadas - ISSN [NR] | 0126-575x |
| 942 ## - ELEMENTOS DE ENTRADA AGREGADOS (KOHA) | |
| Sistema de clasificación | Local |
| Tipo de ítem principal el descrito en 300a | Artículo |
| 999 ## - NÚMEROS DE SISTEMAS DE CONTROL (KOHA) | |
| Koha biblionumber | 26580 |
| 999 ## - NÚMEROS DE SISTEMAS DE CONTROL (KOHA) | |
| Registro cosechable | Si |
| Estado de retiro (OPAC) | Perdido | Sistema de clasificación | Dañado | No prestable | Ubicación habitual | Ubicación actual | Fecha de creación | Volúmen / Fascículo | Total préstamos | Signatura topográfica | Código de barras | Última vez visto | Ejemplar | Price effective from | Tipo de ítem |
|---|---|---|---|---|---|---|---|---|---|---|---|---|---|---|---|
| Local | 1 - CID Palmero Bogotá | 1 - CID Palmero Bogotá | 10/21/2013 | The Planter (Malasia). v. 84, no. 988 (2008), p.437-439. ST-A-, ISSN: 0126-575x | A- | R-12608 | 10/21/2013 | Ej. 1 | 10/21/2013 | Artículo |